Online
Catalog

I Congreso de Aragon de Etnologia y Antropologia : (Record no. 14257)

MARC details
000 -CABECERA
campo de control de longitud fija 01373cam a2200313 a 4500
001 - NÚMERO DE CONTROL
campo de control 000014673
005 - FECHA Y HORA DE LA ÚLTIMA TRANSACCIÓN
campo de control 20200929163901.0
008 - DATOS DE LONGITUD FIJA--INFORMACIÓN GENERAL
campo de control de longitud fija 830726s1981 sp a b s100 0 spa
010 ## - NÚMERO DE CONTROL DE LA BIBLIOTECA DEL CONGRESO
Número de control de LC 83107327
020 ## - NÚMERO INTERNACIONAL ESTÁNDAR DEL LIBRO
Número Internacional Estándar del Libro 8400048024
040 ## - FUENTE DE LA CATALOGACIÓN
Centro catalogador/agencia de origen DO-SdBNP
Centro/agencia transcriptor DLC
Centro/agencia modificador DLC
043 ## - CÓDIGO DE ÁREA GEOGRÁFICA
Código de área geográfica e-sp---
082 ## - NÚMERO DE LA CLASIFICACIÓN DECIMAL DEWEY
Número de clasificación 301.2
Número de documento/Ítem C749p
049 ## - FONDOS LOCALES (OCLC)
Fondos de biblioteca BNGR
111 2# - ENTRADA PRINCIPAL--NOMBRE DE CONGRESO/REUNIÓN
Nombre de congreso/reunión o jurisdicción como elemento de entrada Congreso de Aragon de Etnología y Antropología
Número del congreso/reunión o número de parte o sección (1er. :
Fecha del congreso/reunión 1979 :
Sede del congreso/Lugar de la reunión Tarazona de Aragon, Spain, etc.)
9 (RLIN) 33238
245 10 - MENCIÓN DE TÍTULO
Título I Congreso de Aragon de Etnologia y Antropologia :
Resto del título Tarazona, Borja, Veruela y Trasmoz, 6, 7 y 8 de septiembre de 1979.
260 ## - PUBLICACIÓN, DISTRIBUCIÓN, ETC.
Lugar de publicación, distribución, etc. Zaragoza :
Nombre del editor, distribuidor, etc. Institución "Fernando el Catolico" (C.S.I.C.) de la Excma. Diputación Provincial,
Fecha de publicación, distribución, etc. [1981?].
300 ## - DESCRIPCIÓN FÍSICA
Extensión 272 p. :
Otras características físicas ill. ;
Dimensiones 25 cm.
490 1# - MENCIÓN DE SERIE
Mención de serie Publicación no. 812 de la Institución "Fernando el Católico"
504 ## - NOTA DE BIBLIOGRAFÍA, ETC.
Nota de bibliografía, etc. Includes bibliographies.
650 #4 - PUNTO DE ACCESO ADICIONAL DE MATERIA--TÉRMINO DE MATERIA
Término de materia o nombre geográfico como elemento de entrada Etnología
Subdivisión geográfica España
-- Aragón
Subdivisión general Congresos
9 (RLIN) 33239
650 #4 - PUNTO DE ACCESO ADICIONAL DE MATERIA--TÉRMINO DE MATERIA
Término de materia o nombre geográfico como elemento de entrada Antropología
Subdivisión geográfica España
Subdivisión general Congresos.
9 (RLIN) 33240
650 #4 - PUNTO DE ACCESO ADICIONAL DE MATERIA--TÉRMINO DE MATERIA
Término de materia o nombre geográfico como elemento de entrada Folklore
Subdivisión geográfica España
Subdivisión general Congresos
9 (RLIN) 33241
651 #4 - PUNTO DE ACCESO ADICIONAL DE MATERIA--NOMBRE GEOGRÁFICO
Nombre geográfico España
Subdivisión general Vida Social Y Costumbres
-- Congresos
9 (RLIN) 33242
710 2# - PUNTO DE ACCESO ADICIONAL--NOMBRE DE ENTIDAD CORPORATIVA
Nombre de entidad corporativa o nombre de jurisdicción como elemento de entrada Institución "Fernando el Católico."
9 (RLIN) 19282
740 0# - PUNTO DE ACCESO ADICIONAL--TÍTULO RELACIONADO O ANALÍTICO NO CONTROLADO
Título relacionado o analítico no controlado Primer Congreso de Aragón de Etnología y Antropología.
830 #0 - PUNTO DE ACCESO ADICIONAL DE SERIE-TÍTULO UNIFORME
Título uniforme Publicación ... de la Institución "Fernando el Católico" ;
Designación de volumen o secuencia no. 812.
9 (RLIN) 14723
910 ## - DATOS DE OPCIÓN DEL USUARIO (OCLC)
Datos de opción del usuario Catalogación derivada
Holdings
Estado de retiro Estado de pérdida Restricciones de uso No para préstamo Código de colección Localización permanente Ubicación/localización actual Ubicación en estantería Fecha de adquisición Número de inventario Total de préstamos Signatura topográfica completa Código de barras Fecha visto por última vez Precio válido a partir de Tipo de ítem Koha
      Excluido de préstamo Monografías: Libros y Folletos General General En catalogación 18.01.2010 LF1   301.2 C749p 14673-10 25.06.2020 25.06.2020 No se presta

Powered by Koha